|
|
|
|
| LEADER |
00000nam a2200000 a 4500 |
| 001 |
vtls001379906 |
| 003 |
SK-MaSNL |
| 005 |
20260302071508.0 |
| 008 |
251124s1997 NL 0 und |
| 035 |
|
|
|a SNK000333885
|
| 040 |
|
|
|a SNK
|b slo
|c SNK
|e AACR2
|
| 044 |
|
|
|a NL
|
| 080 |
|
|
|a 784.1.087.613:785.11(086.7)
|2 1981
|
| 080 |
|
|
|a 785.11
|2 1981
|
| 245 |
1 |
|
|a José Carreras, Plácido Domingo, Luciano Pavarotti. Famous tenor arias
|h zvukový dokument
|
| 260 |
|
|
|a B.n.
|b EMI Records
|c 1997
|
| 300 |
|
|
|a 1 kompaktná platňa (61 min. 35 sek.)
|b stereo
|
| 650 |
0 |
7 |
|a vokálna hudba
|x piesne umelé
|x skladby pre tenor
|x platne kompaktné
|2 SNK
|9 465989
|
| 650 |
0 |
7 |
|a piesne umelé
|x skladby pre tenor
|x platne kompaktné
|2 SNK
|9 524230
|
| 650 |
0 |
7 |
|a skladby pre tenor
|x platne kompaktné
|2 SNK
|9 465990
|
| 655 |
|
7 |
|a kompaktné platne
|2 SNK
|9 70690
|
| 700 |
1 |
|
|a Carreras, José,
|d 1946-
|4 roz
|9 105848
|
| 700 |
1 |
|
|a Domingo, Plácido,
|d 1941-
|4 roz
|9 102493
|
| 700 |
1 |
|
|a Pavarotti, Luciano,
|d 1935-2007
|4 roz
|9 192431
|
| 999 |
|
|
|c 1152326
|d 1154256
|
| 952 |
|
|
|t P65, <07>, [BOOK], {657}
|a SNK
|b SNK
|y PREZ
|7 0
|p 17A0222194
|o snkICD 870
|i snkJK 579/99
|0 0
|1 0
|4 0
|d 1999-12-22
|l 0
|r 2005-01-02 00:00:00
|w 2026-02-24
|